[Event "Gibraltar Masters 10th"]
[Site "Caleta"]
[Date "2012.02.01"]
[Round "9"]
[White "Kandic, Milan"]
[Black "Bihi, Mehdi"]
[Result "1-0"]
[WhiteElo "2131"]
[BlackElo "1919"]
[PlyCount "73"]
[EventDate "2012.01.24"]
[EventType "swiss"]
[EventRounds "10"]
[EventCountry "GGB"]
[SourceTitle "CBM 147"]
[Source "ChessBase"]
[SourceDate "2012.03.16"]
[SourceVersion "1"]
[SourceVersionDate "2012.03.16"]
[SourceQuality "1"]

1. e4 c5 2. Nf3 Nc6 3. d3 g6 4. g3 Bg7 5. Bg2 e5 6. 0-0 Nge7 7. Nc3 0-0 8. Nd5 d6 9. Nh4 Be6 10. f4 f6 11. Nxe7+ Nxe7 12. f5 Bf7 13. c4 Rb8 14. Be3 Kh8 15. g4 g5 16. Nf3 Ng8 17. h4 h6 18. Kf2 Ne7 19. hxg5 fxg5 20. Rh1 Kg8 21. Qg1 Nc6 22. Qh2 Re8 23. Bf1 Nb4 24. Bd2 Nc2 25. Rc1 Nd4 26. Bc3 Nxf3 27. Kxf3 Kf8 28. b4 b6 29. Rb1 Ke7 30. Be2 Qd7 31. Rb2 Kf6 32. Rhb1 Qc7 33. a4 Rh8 34. Kf2 Qc6 35. bxc5 Qxc5+ 36. d4 exd4 37. Rb5 1-0

[Event "Gibraltar Masters 10th"]
[Site "Caleta"]
[Date "2012.01.30"]
[Round "7"]
[White "Peredy, Ferenc"]
[Black "Bihi, Mehdi"]
[Result "1/2-1/2"]
[WhiteElo "2180"]
[BlackElo "1919"]
[PlyCount "92"]
[EventDate "2012.01.24"]
[EventType "swiss"]
[EventRounds "10"]
[EventCountry "GGB"]
[SourceTitle "CBM 147"]
[Source "ChessBase"]
[SourceDate "2012.03.16"]
[SourceVersion "1"]
[SourceVersionDate "2012.03.16"]
[SourceQuality "1"]

1. d4 Nf6 2. c4 e6 3. g3 d5 4. Nf3 Be7 5. Bg2 0-0 6. 0-0 c6 7. Qc2 Nbd7 8. Rd1 Re8 9. b3 Ne4 10. Bb2 Bd6 11. Ne5 f5 12. f3 Nxe5 13. dxe5 Qb6+ 14. Bd4 Bc5 15. e3 Bxd4 16. exd4 Ng5 17. Nc3 Qd8 18. Ne2 Bd7 19. Rac1 Rc8 20. Qd2 Qe7 21. Rc3 Rf8 22. Rdc1 Nf7 23. Nf4 Nh8 24. Bf1 Qg5 25. Qe3 Ng6 26. Kf2 Nxf4 27. Qxf4 Qxf4 28. gxf4 Rcd8 29. Ke3 Rf7 30. a4 a5 31. c5 Ra8 32. Rb1 Rff8 33. b4 axb4 34. Rxb4 Rfb8 35. Be2 Ra7 36. Bd1 Bc8 37. Rcb3 Rba8 38. Rb2 Ra6 39. Kd3 Ra5 40. Rb6 R5a6 41. Kc3 Rxb6 42. Rxb6 Kf8 43. Kb4 Ra7 44. a5 Ke7 45. a6 Kd7 46. Be2 Kc7 1/2-1/2

[Event "Paris-ch op-A"]
[Site "Paris"]
[Date "2010.07.07"]
[Round "5"]
[White "Denous, Cyprien"]
[Black "Bihi, Mehdi"]
[Result "1-0"]
[WhiteElo "2006"]
[BlackElo "1901"]
[PlyCount "125"]
[EventDate "2010.07.03"]
[EventType "swiss"]
[EventRounds "9"]
[EventCountry "FRA"]
[SourceTitle "CBM 137 Extra"]
[Source "ChessBase"]
[SourceDate "2010.09.01"]
[SourceVersion "1"]
[SourceVersionDate "2010.09.01"]
[SourceQuality "1"]

1. e4 c5 2. c3 d5 3. exd5 Qxd5 4. d4 Nf6 5. Nf3 e6 6. Na3 a6 7. Nc4 Nbd7 8. Be2 cxd4 9. cxd4 b5 10. Ne3 Bb4+ 11. Bd2 Qd6 12. 0-0 Bxd2 13. Qxd2 Bb7 14. a4 0-0 15. axb5 axb5 16. d5 Nxd5 17. Bxb5 Ne5 18. Be2 Nxf3+ 19. Bxf3 Qb4 20. Rad1 Ra7 21. Nxd5 Qxd2 22. Rxd2 Bxd5 23. Bxd5 Rd7 24. Rfd1 Rfd8 25. Kf1 exd5 26. b4 d4 27. Ke2 Kf8 28. Kd3 Rc8 29. Rc2 Rxc2 30. Kxc2 Ke7 31. Kd3 f5 32. Rc1 Ke6 33. Rc4 Ke5 34. f4+ Ke6 35. Rxd4 Ra7 36. Kc3 h6 37. b5 g5 38. g3 g4 39. Rd2 h5 40. Kb4 h4 41. b6 Ra1 42. Kb5 Rb1+ 43. Kc6 Rc1+ 44. Kb7 hxg3 45. hxg3 Rc3 46. Ka6 Ra3+ 47. Kb5 Rxg3 48. Kc4 Rg1 49. Rb2 Rc1+ 50. Kd4 Rc8 51. b7 Rb8 52. Kc5 g3 53. Kb6 Kd5 54. Ka7 Re8 55. b8Q Rxb8 56. Kxb8 Ke4 57. Kc7 Kxf4 58. Kd6 Kg5 59. Ke5 f4 60. Ke4 Kg4 61. Rb8 g2 62. Rg8+ Kh3 63. Kf3 1-0

[Event "Paris-ch op-A"]
[Site "Paris"]
[Date "2010.07.03"]
[Round "1"]
[White "Eden, James"]
[Black "Bihi, Mehdi"]
[Result "1-0"]
[WhiteElo "2090"]
[BlackElo "1901"]
[PlyCount "57"]
[EventDate "2010.07.03"]
[EventType "swiss"]
[EventRounds "9"]
[EventCountry "FRA"]
[SourceTitle "CBM 137 Extra"]
[Source "ChessBase"]
[SourceDate "2010.09.01"]
[SourceVersion "1"]
[SourceVersionDate "2010.09.01"]
[SourceQuality "1"]

1. e4 c5 2. c3 d5 3. exd5 Qxd5 4. d4 Nf6 5. Nf3 e6 6. Be3 cxd4 7. cxd4 Be7 8. Nc3 Qd8 9. Bd3 0-0 10. 0-0 Nc6 11. a3 a6 12. Qe2 b5 13. b4 Bb7 14. Rad1 Nb8 15. Ne5 Nbd7 16. f4 Nb6 17. f5 Nbd5 18. Nxd5 Bxd5 19. fxe6 Bxe6 20. Nc6 Qd7 21. Nxe7+ Qxe7 22. Bg5 Qd7 23. Bxf6 gxf6 24. Qh5 f5 25. Qg5+ Kh8 26. Qf6+ Kg8 27. Rf3 f4 28. Rxf4 Qd5 29. Bxh7+ 1-0

[Event "Syre Memorial op 32nd"]
[Site "Issy les Moulineaux"]
[Date "2009.05.22"]
[Round "3"]
[White "Guilleux, Fabien"]
[Black "Bihi, Mehdi"]
[Result "1-0"]
[WhiteElo "2313"]
[BlackElo "1957"]
[PlyCount "43"]
[EventDate "2009.05.21"]
[EventType "swiss"]
[EventRounds "6"]
[EventCountry "FRA"]
[SourceTitle "EXT 2010"]
[Source "ChessBase"]
[SourceDate "2010.11.25"]
[SourceVersion "1"]
[SourceVersionDate "2010.11.25"]
[SourceQuality "1"]

1. d4 Nf6 2. c4 e6 3. Nc3 Bb4 4. f3 d5 5. a3 Bxc3+ 6. bxc3 0-0 7. e3 b6 8. cxd5 exd5 9. Bd3 Qd7 10. Ne2 Ba6 11. a4 Bxd3 12. Qxd3 Re8 13. 0-0 Nc6 14. Ng3 Na5 15. e4 dxe4 16. fxe4 Nb3 17. Bg5 Nxa1 18. Bxf6 Qg4 19. Be5 Rxe5 20. dxe5 Nb3 21. Qd5 Re8 22. Qxf7+ 1-0

[Event "FRA-chT2 0304"]
[Site "France"]
[Date "2004.04.03"]
[Round "10"]
[White "Pineau, Amelie"]
[Black "Bihi, Mehdi"]
[Result "0-1"]
[WhiteElo "1540"]
[BlackElo "1920"]
[PlyCount "48"]
[EventDate "2003.10.??"]
[EventType "team"]
[EventRounds "11"]
[EventCountry "FRA"]
[SourceTitle "EXT 2005"]
[Source "ChessBase"]
[SourceDate "2004.11.15"]
[SourceVersion "1"]
[SourceVersionDate "2004.11.15"]
[SourceQuality "1"]

1. e4 c5 2. Nf3 e6 3. d4 cxd4 4. Nxd4 Nc6 5. Nc3 a6 6. Be2 Qc7 7. a3 Nf6 8. Qd3 Nxd4 9. Qxd4 Bd6 10. g3 Be5 11. Qd3 Bxc3+ 12. bxc3 Nxe4 13. Bb2 d5 14. c4 0-0 15. cxd5 Qa5+ 16. c3 exd5 17. 0-0 Bh3 18. Rfb1 Rac8 19. Bf3 Bf5 20. Rc1 Nxg3 21. Qxd5 Qxd5 22. Bxd5 Ne2+ 23. Kg2 Nf4+ 24. Kf1 Nxd5 0-1